Statistics for Colors of the Rainbow in Alphabetical Order

Click here to take the quiz!

General Stats

  • This quiz has been taken 480 times
  • The average score is 2 of 7

Answer Stats

colors% Correct
blue
98%
green
59%
indigo
26%
orange
11%
red
10%
yellow
10%
violet
6%

Score Distribution

Percentile by Number Answered

Percent of People with Each Score

Your Score History

You have not taken this quiz